|
|
|
|
| LEADER |
01573nam a2200361 a 4500 |
| 001 |
0017244 |
| 003 |
BD-DhAAL |
| 008 |
090816s2007 enka 000 0 eng d |
| 020 |
|
|
|a 9780194579070 (book)
|
| 020 |
|
|
|a 0194579077 (book)
|
| 020 |
|
|
|a 9780194579087 (CD)
|
| 020 |
|
|
|a 0194579085 (CD)
|
| 020 |
|
|
|a 9780194579063 (set)
|
| 020 |
|
|
|a 0194579069 (set)
|
| 040 |
|
|
|a AU@
|b eng
|c AU@
|d BD-DhAAL
|
| 082 |
0 |
0 |
|a 420.7
|2 22
|
| 100 |
1 |
|
|a Richey, Rosemary.
|9 23874
|
| 245 |
1 |
0 |
|a English for customer care /
|c Rosemary Richey.
|
| 260 |
|
|
|a Oxford :
|b Oxford University Press,
|c 2007.
|
| 300 |
|
|
|a 80 pages :
|b illustrations ;
|c 26 cm
|e + 1 CD-ROM (4 3/4 in.)
|
| 490 |
0 |
|
|a Express series
|
| 490 |
0 |
|
|a Oxford Business English
|
| 526 |
|
|
|a CFL, BRACU
|
| 541 |
1 |
|
|e 00017244
|a Karim International
|
| 650 |
|
0 |
|a English language
|x Usage
|x Study and teaching.
|9 23875
|
| 650 |
|
0 |
|a English language
|x Business English
|x Study and teaching
|x Foreign speakers
|v Audio-visual aids.
|9 23876
|
| 650 |
|
0 |
|a Customer relations
|x Study and teaching.
|9 23877
|
| 650 |
|
0 |
|a English language
|v Sound recordings for foreign speakers.
|9 23878
|
| 852 |
4 |
|
|a Ayesha Abed Library
|c General Stacks
|
| 942 |
|
|
|2 ddc
|c BK
|
| 999 |
|
|
|c 9534
|d 9534
|
| 952 |
|
|
|0 0
|1 0
|2 ddc
|4 0
|6 420_700000000000000_RIC
|7 0
|9 12020
|a BRACUL
|b BRACUL
|c GEN
|d 2010-09-23
|e Karim International
|g 1450.00
|l 0
|o 420.7 RIC
|p 3010017244
|r 2010-09-23
|t 1
|w 2010-09-23
|y BK
|x Koha Inventory 2020
|
| 952 |
|
|
|0 0
|1 0
|2 ddc
|4 0
|6 420_700000000000000_RIC
|7 0
|9 12021
|a BRACUL
|b BRACUL
|c AV
|d 2010-09-23
|l 0
|o 420.7 RIC
|p 4010017244
|r 2010-09-23
|t 1
|w 2010-09-23
|y AV
|